| 000 | 00982aam a2200385 4500 | ||
|---|---|---|---|
| 005 | 20250819114808.0 | ||
| 008 | 150619b2013 xxu||||| |||| 00| 0 spa d | ||
| 020 | _a9789563435078 | ||
| 041 | _aESP | ||
| 082 | _a339 L333m3 | ||
| 100 |
_aLarrain B, Felipe _925199 |
||
| 100 |
_aSachs, Jeffrey D _925200 |
||
| 245 | _aMacroeconomía en la economía global | ||
| 260 | _aArgentina | ||
| 260 | _aPearson Educación | ||
| 260 | _c2013 | ||
| 300 | _a792 páginas | ||
| 490 | _aDirección y Administración de Empresas | ||
| 650 | _aMACROECONOMÍA | ||
| 650 | _aECONOMÍA | ||
| 650 | _aPRODUCCIÓN | ||
| 650 | _aEMPLEO | ||
| 650 | _aDEMANDA | ||
| 650 | _aPRODUCTO | ||
| 650 | _aPOLITICAS DE ESTABILIZACIÓN | ||
| 650 | _aDESEMPLEO | ||
| 650 | _aPOLÍTICAS MACROECONOMICAS | ||
| 650 | _aINFLACIÓN | ||
| 650 | _aDÉFICIT FISCAL | ||
| 650 | _aCONSUMO | ||
| 650 | _aAHORRO | ||
| 650 | _aINVERSIÓN | ||
| 650 | _aCRISIS ECONÓMICA | ||
| 942 |
_cBK _2ddc |
||
| 999 |
_c9165 _d9165 |
||